Language Quiz

Random Language or Singers Quiz

Britney Spears's Vocabulary Quiz Stats

 Plays Quiz Updated Apr 13, 2019

Support Sporcle.
Go Orange.
Score 0/20 Timer 05:00
0 Plays Today
% Correct
Kitten
95.5%
Heart
95.4%
Bass
95.3%
Degrees
95%
Lonely
94.9%
Confess
94.8%
Paradise
94.6%
Innocent
94.4%
Property
94.1%
Champion
94%
% Correct
Affection
93.8%
Hustler
93.7%
Uncontrollably
93.6%
Derrière
93.5%
Begging
93.2%
Predictable
93.1%
Sensational
92.8%
Hazy
91%
Practical
90.3%
Haunting
86.9%

You're not logged in!

Compare scores with friends on all Sporcle quizzes.
OR
Log In

From the Vault

Books Without Their Authors

by oldkent

Authors...we don't need no stinking authors.
Remove Ads.
Support Sporcle.
Get the best of Sporcle when you Go Orange. This ad-free experience offers more features, more stats, and more fun while also helping to support Sporcle. Thank you for becoming a member.

Show Comments

Extras

Top Quizzes Today


Score Distribution

Your Account Isn't Verified!

In order to create a playlist on Sporcle, you need to verify the email address you used during registration. Go to your Sporcle Settings to finish the process.

Report this User

Report this user for behavior that violates our Community Guidelines.

Details: